Oulaisten naapurikunnat - Statistics

Yleistilastot
  • Tätä visaa on pelattu 3 kertaa
  • Keskiarvotulos 5 / 6
Vastaustilastot
Kunta % Oikein
Merijärvi
100%
Pyhäjoki
100%
Raahe
100%
Ylivieska
100%
Haapavesi
67%
Alavieska
33%
Ehtoja vastaavia visoja ei löytynyt
Tulosjakauma
Jokaisen tuloksen saaneiden osuus
Persentiili vastausten määrän mukaan
Tuloshistoriasi
Et ole pelannut tätä visaa